00585 2200229 4500001002100000005001500021035002000036007000300056008004100059020002200100082001000122084001600132245003100148260003000179300004200209650001500251650001500266700000800281110002600289990002000315990002000335INLIS00000000000307120260604055835 a0010-0626000022ta260604 f 0 ind  a978-979-493-566-8 a595.7 a595.7 HAD a1 aAtlas Entomologi Veteriner aBogor :bIPB Press,c2017 axx + 197 hlm. :bilus. ;c14 x 20 cm. 4aPeternakan 4aEntomologi0 adkk1 aHadi, Upik Kesumawati a20260615.02.008 a20260616.01.005